Przystanki linii autobusowej 106 Warszawa - Statystyki

Ogólne statystyki
  • Ten quiz został rozwiązany 14 razy
  • Średni wynik to 15 z 25
Statystyki odpowiedzi
Ulica NŻ? Jednokierunkowy? Odpowiedź % Poprawnych
Dobra Nie Nie Mariensztat
100%
Ostroroga Nie Nie Ostroroga
100%
Ostroroga Tak Nie Ostroroga
100%
Krakowskie Przedmieście Nie Nie Uniwersytet
90%
Królewska Nie Nie Królewska
80%
Dobra Tak Nie Dobra
70%
Płocka, Wolska Nie Nie Metro Płocka
70%
Grzybowska Nie Nie Muzeum Powstania Warszawskiego
70%
Świętokrzyska Nie Nie Nowy Świat
70%
Siedmiogrodzka, Grzybowska Tak Nie Siedmiogrodzka
70%
Dobra Nie Nie Biblioteka Uniwersytecka
60%
Wybrzeże Kościuszkowskie Tak Tak Nowy Zjazd
60%
Płocka Nie Nie Płocka-Szpital
60%
Tamka Nie Nie Topiel
60%
Królewska Tak Nie Zachęta
60%
Płocka Nie Nie Pl. Pole Elekcyjne
50%
Siedmiogrodzka Nie Nie Rogalińska
50%
Kasprzaka Nie Tak Szpital Wolski
50%
Grzybowska Nie Nie Al. Jana Pawła II
40%
Płocka Nie Nie Grenady
40%
Grzybowska Nie Nie Mennica
40%
Grzybowska, Królewska Nie Nie Pl. Grzybowski
40%
Ostroroga Tak Nie Sołtyka
40%
Dobra Nie Nie Zajęcza
40%
Grzybowska Nie Nie Wronia
30%
Nie znaleziono quizów pasujących do podanych kryteriów
Rozkład punktacji
Procent ludzi z każdym wynikiem
Percentyl według liczby udzielonych odpowiedzi
Twoja historia wyników
Nie rozwiązałeś tego quizu